|
|
|
|
| LEADER |
00615nta a2200157 i 4500 |
| 001 |
dipl22547 |
| 005 |
20200303092604.0 |
| 008 |
111012s1991 hu om 0|| zxx d |
| 040 |
|
|
|a SZTE Diploma Repozitórium
|b hun
|
| 041 |
|
|
|a zxx
|
| 100 |
1 |
|
|a Mádi Sarolta
|
| 245 |
1 |
2 |
|a A biztosítási szemlélet erősödése a magyar társadalombiztosítási rendszer korszerűsítése során
|h [elektronikus dokumentum] /
|c Dr. Sarolta Mádi
|
| 260 |
|
|
|c 1991
|
| 650 |
|
4 |
|a Jogi és igazgatási tanulmányok
|
| 700 |
1 |
|
|a Czúcz Ottó
|e ths
|
| 856 |
4 |
0 |
|u http://diploma.bibl.u-szeged.hu/id/eprint/22547/1/1991_madi_sarolta.pdf
|z Dokumentum-elérés
|